000 00861nam a2200265Ia 4500
003 OSt
005 20221005062042.0
006 a|||||r|||| 00| 0
007 ta
008 221004b |||||||| |||| 00| 0 eng d
020 _a9781138778061 (hbk)
_cUKP 165.00
024 _a35229
037 _b1438, 15/11/2017, Bright Book Service
_cTextual
040 _aCRL
_cCRL
_beng
041 _2eng
_aeng
082 _aO111(Y11):g, Q8
100 _aStephens John [...et al] Ed.
_9601419
245 0 _aRoutledge companion to international children's literature
260 _aLondon
_bRoutledge UK
_c2018
300 _axxv,485p.
_ccm.
650 _a ENGLISH LITERATURE
650 _aCHILDREN LITERATURE
942 _hO111(Y11):g, Q8
_cTEXL
_2cc
999 _c969141
_d969141